Score 0/12 Timer 01:00
0 Plays Today
% Correct
Espresso
96.4%
Mozzarella
95.9%
Influenza
95.8%
Paparazzi
95.7%
Pizzeria
95.1%
Vendetta
94.9%
Al dente
94.3%
Stiletto
93.7%
Piazza
93.5%
A cappella
93.1%
Soprano
91.5%
Opera
88.6%

Today's Daily Dose

Missing Word
Formula One Champs

Word Ladder
Cranium

Remove Ads.
Support Sporcle.
Get the best of Sporcle when you Go Orange. This ad-free experience offers more features, more stats, and more fun while also helping to support Sporcle. Thank you for becoming a member.

You're not logged in!

Compare scores with friends on all Sporcle quizzes.
OR
Log In

Sporcle TV

Today on Sporcle TV


Watch our educational content, quiz creation guides, and fun videos on Sporcle TV.

Show Comments

Extras

Top Quizzes Today


Score Distribution

Paid Content

Your Account Isn't Verified!

In order to create a playlist on Sporcle, you need to verify the email address you used during registration. Go to your Sporcle Settings to finish the process.

Report this User

Report this user for behavior that violates our Community Guidelines.

Details: